| 000 | 01819 a2200241 4500 | ||
|---|---|---|---|
| 003 | Nust | ||
| 005 | 20220815124108.0 | ||
| 010 | _a 2003107059 | ||
| 020 | _a8173660409 | ||
| 040 | _cNust | ||
| 082 | 0 | 0 | _a005.133,HOR |
| 100 | 1 |
_aHorton, Ivor. _976370 |
|
| 245 | 1 | 0 |
_aBeginning Visual C++ 6 / _cIvor Horton. |
| 246 | 1 | 4 | _aIvor Horton's beginning Visual C++ 6 |
| 260 |
_aIndianapolis, IN : _bWrox, _cc2000. |
||
| 300 |
_axxvii, 1180 p. : _bill. ; _c23 cm. |
||
| 505 | _aIntroduction (Page-1), Programming with Visual C++ (Page71), Variable and Calculations (Page-35), Decisions and Loops (Page-93), Arrays, Pointer and References (Page-129), Introducing Structure Into your Programs (Page-171), More About Program Structure (Page-205), A Taste of Old Fashioned Windows(Page-243), Structuring your Data Using Classes (Page-279), More on Classes (Page-323), Class Inheritance(Page-383), An Example Using Classes(Page-429), Debugging(Page-481), Understanding Windows Programming(Page-523), Working with Menus and Toolbars(Page-561), Drawing in a Window(Page-593), Creating the Documents and Improving the View (Page-645), Working with Dialogs and Controls (Page-705), Storing and Printing Documents (Page-751), Writing your own DLLs (Page-785), Connecting to Data Sources (Page-807), Updating Data Sources (Page-865), Understanding OLE Documents (Page-911), ActiveX Controls (Page-959), Using the Active Template library (Page-1009). | ||
| 650 | 0 | _aC++ (Computer program language) | |
| 856 | 4 | 2 |
_3Contributor biographical information _uhttp://www.loc.gov/catdir/bios/wiley046/2003107059.html |
| 856 | 4 | 2 |
_3Publisher description _uhttp://www.loc.gov/catdir/description/wiley0310/2003107059.html |
| 856 | 4 | 2 |
_3Table of contents _uhttp://www.loc.gov/catdir/toc/wiley032/2003107059.html |
| 942 |
_2ddc _cBK _k005.133,HOR |
||
| 999 |
_c179529 _d179529 |
||